| 000 -CABECERA |
| fixed length control field |
03871nam a22003617a 4500 |
| 003 - IDENTIFICADOR DEL NÚMERO DE CONTROL |
| control field |
AR-CdUCM |
| 008 - DATOS DE LONGITUD FIJA--INFORMACIÓN GENERAL |
| fixed length control field |
190425b ||||| |||| 00| 0 spa d |
| 040 ## - FUENTE DE LA CATALOGACIÓN |
| Agencia/entidad que catalogó originalmente la obra |
MUNICIPALIDAD PROVINCIAL DEL CUSCO |
| Entidad que transcribió la catalogación |
BIBLIOTECA MUNICIPAL DEL CUSCO |
| 082 ## - NÚMERO DE LA CLASIFICACIÓN DECIMAL DEWEY |
| No. de Clasificación |
Rev.Univ/N°135/1993 |
| 110 ## - ENTRADA PRINCIPAL--NOMBRE DE ENTIDAD CORPORATIVA |
| Nombre de la institución, jurisdicción como entrada principal |
Universidad Nacional de San Antonio Abad del Cusco |
| 9 (RLIN) |
15942 |
| 245 ## - MENCIÓN DE TÍTULO |
| Título |
Revista Universitaria : |
| Resto del título |
Órgano de la Universidad del Cuzco / |
| 260 ## - PUBLICACIÓN, DISTRIBUCIÓN, ETC. |
| Lugar de publicación, distribución, etc. |
Cusco : |
| Nombre de la editorial, distribuidor, etc. |
Universidad Nacional de San Antonio Abad del Cusco, |
| Fecha de publicación, distribución, etc. |
1993. |
| 300 ## - DESCRIPCIÓN FÍSICA |
| Nº de Páginas Extensión |
414 páginas. : |
| Dimensiones |
20 cm. |
| 440 ## - MENCIÓN DE SERIE/PUNTO DE ACCESO ADICIONAL--TÍTULO |
| Título |
Revista Universitaria |
| Número de la parte/sección de una obra |
Año ?, 1993, N°135. |
| 9 (RLIN) |
46094 |
| 505 ## - NOTA DE CONTENIDO CON FORMATO |
| Nota de contenido formateada |
Contenido: La universidad y su tricentenario. Armando Harvey Valencia. -- El arado andino. Oscar Ladrón de Guevara. -- Tecnología del carrizo. José Felipe Azpilcueta Carbonell. -- Comportamiento de las maquinas eléctricas sobre los 3000 msnm. Jorge Chinchihualpa Gonzales. -- Evaluación de los recursos hidroeléctricos en la Región Inca. Yurin Palomino Cusipaucar. -- Estudio Micro técnico de la cuenca de Piuray para la determinación de las facturas de la filtración de aguas de la laguna de Piuray Chinchero Urubamba Cusco. Rómulo Escobedo Zapana. -- Impacto ambiental que producirá la explotación del gas de Camisea. Carlos Echegaray Adrián. -- Industrialización de los lodos sanitarios por el método de biodegradación aerobia. Mirian Salas del Pino. -- Contaminación Química del agua potable y una posible alternativa de purificación. Mario Cumpa Cayuri. -- Importancia de la fauna en la Región Inka. José Luis Venero. -- Orquídeas andinas del valle sagrado de los Inkas. Washinton Galiano Sánchez. -- Morfología fálica y cariología preliminar en la langosta peruana. Jara Moscoso. -- Introducción al estudio sobre el significado de los nombres Kechuas de las plantas. Felipe Marín Moreno. -- Aspectos del desarrollo de la genética y responsabilidad ético moral. Claudio Rodríguez Suca. -- Heterogeneidad etiológica en cinco casos de hendidura labial o palatina. Gudiel Hermoza. -- Síntesis de la enseñanza de la medicina. Humberto Covarrubias Campana. -- Estado o Región. Oscar Paredes Pando. -- La familia en el Perú algunos rasgos importantes. Rina Cornejo Muñoz. -- Ch´equesqa y Taqe dispersión y concentración en el pensamiento andino sobre el manejo de su ambiente. Washinton Rozas Álvarez. -- Propuesta de un marco conceptual para el estudio de la medicina tradicional andina. Aurelio Carmona Cruz. -- Pintura mural cuzqueña del siglo XX. Jorge Flores Ochoa. -- Algo más sobre la fundación de San Antonio Abad. Horacio Villanueva Urteaga. -- Necesidad de la comunicación interpersonal para conservación de la unidad familiar. Juvenal Pacheco Farfán. -- Los peruanismos en los Heraldos Negros. Julio Galdo Bellota. -- Miguel Hernández el poeta desconocido. Gustavo Pérez Ocampo. -- Apuntes para un estudio semántico de los Comentarios Reales de los Incas. Cesar Elguera Barrios. -- Índole Herencia. Julio Miranda Bernal. -- Proyecto del parque Tricentenario. Víctor Ribero Luque. -- Breve biografía de Iván Pérez Ruibal Rodríguez. |
| 650 ## - PUNTO DE ACCESO ADICIONAL DE MATERIA--TÉRMINO DE MATERIA |
| Descriptor |
Antropología cusqueña |
| 9 (RLIN) |
45862 |
| 650 ## - PUNTO DE ACCESO ADICIONAL DE MATERIA--TÉRMINO DE MATERIA |
| Descriptor |
Medicina tradicional |
| 9 (RLIN) |
14646 |
| 650 ## - PUNTO DE ACCESO ADICIONAL DE MATERIA--TÉRMINO DE MATERIA |
| Descriptor |
Comunidades campesinas |
| 9 (RLIN) |
2214 |
| 650 ## - PUNTO DE ACCESO ADICIONAL DE MATERIA--TÉRMINO DE MATERIA |
| Descriptor |
Folklore cusqueño |
| 9 (RLIN) |
8693 |
| 650 ## - PUNTO DE ACCESO ADICIONAL DE MATERIA--TÉRMINO DE MATERIA |
| Descriptor |
Pintura mural |
| 9 (RLIN) |
7581 |
| 650 ## - PUNTO DE ACCESO ADICIONAL DE MATERIA--TÉRMINO DE MATERIA |
| Descriptor |
Pintura cusqueña |
| 9 (RLIN) |
7254 |
| 700 ## - PUNTO DE ACCESO ADICIONAL--NOMBRE DE PERSONA |
| Nombre Personal |
Ruiz de Castilla Marín, Mario |
| 9 (RLIN) |
22126 |
| 700 ## - PUNTO DE ACCESO ADICIONAL--NOMBRE DE PERSONA |
| Nombre Personal |
Harvey Valencia, Armando |
| 9 (RLIN) |
13164 |
| 700 ## - PUNTO DE ACCESO ADICIONAL--NOMBRE DE PERSONA |
| Nombre Personal |
Ladron de Guevara, Oscar |
| 9 (RLIN) |
46095 |
| 700 ## - PUNTO DE ACCESO ADICIONAL--NOMBRE DE PERSONA |
| Nombre Personal |
Azpilcueta Carbonell, José Felipe |
| 9 (RLIN) |
46096 |
| 700 ## - PUNTO DE ACCESO ADICIONAL--NOMBRE DE PERSONA |
| Nombre Personal |
Marín Moreno, Felipe |
| 9 (RLIN) |
46018 |
| 700 ## - PUNTO DE ACCESO ADICIONAL--NOMBRE DE PERSONA |
| Nombre Personal |
Flores Ochoa, Jorge |
| 9 (RLIN) |
2915 |
| 700 ## - PUNTO DE ACCESO ADICIONAL--NOMBRE DE PERSONA |
| Nombre Personal |
Cornejo Muñoz, Rina |
| 9 (RLIN) |
46097 |
| 700 ## - PUNTO DE ACCESO ADICIONAL--NOMBRE DE PERSONA |
| Nombre Personal |
Villanueva Urteaga, Horacio |
| 9 (RLIN) |
5790 |
| 710 ## - PUNTO DE ACCESO ADICIONAL--NOMBRE DE ENTIDAD CORPORATIVA |
| Nombre corporativo (En letras Mayúsculas) |
Universidad Nacional de San Antonio Abad del Cusco |
| 9 (RLIN) |
15942 |
| 942 ## - ELEMENTOS DE PUNTO DE ACCESO ADICIONAL (KOHA) |
| Fuente de clasificación |
|
| Tipo de item |
Revistas cusqueñas |
| 945 ## - PROCESAMIENTO DE INFORMACIÓN LOCAL (OCLC) |
| Catalogador |
rac |